000 00287nam a2200121Ia 4500
008 190216s9999||||xx |||||||||||||| ||und||
100 _aNull
245 0 _aHindi-Kavitha Nayi Purani
260 _bTata Mcgraw Hill Publishing Company Ltd
300 _a50
650 _aHindi
942 _cBK
999 _c15877
_d15877